|
|
|
|
| LEADER |
00000nam0a2200000 4500 |
| 001 |
283900 |
| 005 |
20231101235636.0 |
| 020 |
|
|
|a RU
|b 83-14811
|
| 035 |
|
|
|a (RuTPU)RU\TPU\book\308038
|
| 090 |
|
|
|a 283900
|
| 100 |
|
|
|a 20150211d1983 m y0rusy5003 ca
|
| 101 |
0 |
|
|a rus
|
| 102 |
|
|
|a RU
|
| 105 |
|
|
|a a z 001zy
|
| 200 |
1 |
|
|a Земля неразгаданная: рассказы о том, как открывали и продолжают открывать нашу планету
|f В. А. Мезенцев
|
| 210 |
|
|
|a Москва
|c Мысль
|d 1983
|
| 215 |
|
|
|a 255 с.
|c ил.
|d 21 см
|
| 320 |
|
|
|a Библиогр.: с. 254
|
| 606 |
1 |
|
|a География
|2 stltpush
|3 (RuTPU)RU\TPU\subj\5918
|9 33902
|
| 610 |
1 |
|
|a географические открытия
|
| 610 |
1 |
|
|a исследования
|
| 610 |
1 |
|
|a Земля
|
| 610 |
1 |
|
|a история
|
| 610 |
1 |
|
|a живая природа
|
| 610 |
1 |
|
|a неживая природа
|
| 675 |
|
|
|a 91
|z rus
|v 4
|
| 700 |
|
1 |
|a Мезенцев
|b В. А.
|g Владимир Андреевич
|4 070
|
| 801 |
|
0 |
|a RU
|b RuMRKP
|c 19950704
|g psbo
|
| 801 |
|
1 |
|a RU
|b 63413507
|c 20150211
|
| 801 |
|
2 |
|a RU
|b 63413507
|c 20170530
|g RCR
|
| 942 |
|
|
|c BK
|